[Event "HET B - Gruppe   2024"]
[Site "Hamburg"]
[Date "2024.05.24"]
[Round "5.6"]
[White "Hoffmann, Norbert"]
[Black "Movsisyan, Vruyr"]
[Result "0-1"]
[WhiteElo "716"]
[BlackElo "1407"]
[PlyCount "68"]
[EventDate "2024.??.??"]
[WhiteTeam "Langenhorner SF 1928"]
[BlackTeam "Bergstedter SK von 1962"]

1. d4 d5 2. Nf3 Nf6 3. Nbd2 Bf5 4. e3 Nbd7 5. Ne5 Nxe5 6. dxe5 Nd7 7. Nf3 e6 8.
Nd4 Nxe5 9. Bb5+ c6 10. Ba4 b5 11. Bb3 Bb4+ 12. c3 Ba5 13. O-O Qd6 14. f4 Ng6
15. Nxf5 exf5 16. Qd4 O-O 17. Rf3 Bb6 18. Qd1 Nh4 19. Rh3 Qxf4 20. g3 Bxe3+ 21.
Bxe3 Qxe3+ 22. Kf1 Qf3+ 23. Qxf3 Nxf3 24. Bd1 Nd2+ 25. Kf2 Ne4+ 26. Ke3 Rae8
27. Bf3 Ng5+ 28. Kf4 Nxh3+ 29. Kxf5 Re6 30. Bg4 Nf2 31. Bf3 Rf6+ 32. Ke5 Rxf3
33. Rf1 Nd3+ 34. Kd4 Rxf1 0-1

[Event "HET B - Gruppe   2024"]
[Site "Hamburg"]
[Date "2024.05.24"]
[Round "5.4"]
[White "Al Amin, Sami"]
[Black "Nießen, Luke"]
[Result "0-1"]
[WhiteElo "1370"]
[BlackElo "1341"]
[PlyCount "52"]
[EventDate "2024.??.??"]
[WhiteTeam "SchVgg Blankenese von 1923 e.V."]
[BlackTeam "SC Schachelschweine e.V."]

1. e4 c6 2. d4 d5 3. e5 Bf5 4. h4 h5 5. Bd3 Bxd3 6. Qxd3 e6 7. Nf3 Be7 8. Bg5
Nh6 9. Bxe7 Qxe7 10. Ng5 Nf5 11. Nd2 Nxh4 12. Rxh4 Qxg5 13. g3 Nd7 14. f4 Qe7
15. O-O-O O-O-O 16. Rdh1 g6 17. g4 g5 18. fxg5 Qxg5 19. gxh5 f6 20. Qe2 fxe5
21. Rg4 Qf5 22. Rg7 Rh6 23. Nf3 Rxh5 24. Rxh5 Qxh5 25. Rg5 Qh6 26. Kd1 e4 0-1

[Event "HET B - Gruppe   2024"]
[Site "Hamburg"]
[Date "2024.05.24"]
[Round "5.3"]
[White "Tockhorn, Johannes"]
[Black "Jung, Maximilian"]
[Result "1-0"]
[WhiteElo "1311"]
[BlackElo "1276"]
[PlyCount "73"]
[EventDate "2024.??.??"]
[WhiteTeam "Bergstedter SK von 1962"]
[BlackTeam "SC Schwarz-Weiß Harburg"]

1. e4 e5 2. d4 exd4 3. c3 d6 4. Nf3 Nc6 5. cxd4 f5 6. exf5 Bxf5 7. Bb5 a6 8.
Bxc6+ bxc6 9. O-O Nf6 10. Nc3 Be7 11. Qb3 Qd7 12. Ng5 Bg6 13. Qe6 h6 14. Qxd7+
Kxd7 15. Nf3 Ne4 16. Nxe4 Bxe4 17. Nd2 Bd5 18. Rd1 Bf6 19. Nf1 Rhe8 20. Ng3 Bf7
21. Be3 Bg6 22. Rac1 Rab8 23. b3 h5 24. Ne2 Be4 25. Nf4 g6 26. Rc4 Bg5 27. h3
h4 28. Ra4 Ra8 29. Ra5 d5 30. Nxd5 Bxe3 31. Nxe3 Kd6 32. Nc4+ Kd7 33. Re1 Bf5
34. Rxe8 Rxe8 35. Ne5+ Kd6 36. f3 Ra8 37. Rc5 1-0

[Event "HET B - Gruppe   2024"]
[Site "Hamburg"]
[Date "2024.05.24"]
[Round "5.5"]
[White "Morozov, Viktor"]
[Black "Busch, Jonathan Luis"]
[Result "1/2-1/2"]
[WhiteElo "1319"]
[BlackElo "1237"]
[PlyCount "45"]
[EventDate "2024.??.??"]
[WhiteTeam "SC Schachelschweine e.V."]
[BlackTeam "SC Schachelschweine e.V."]

1. d4 Nf6 2. c4 e6 3. Nc3 d5 4. cxd5 exd5 5. Bg5 Be7 6. e3 O-O 7. Bd3 h6 8. Bh4
Be6 9. Nf3 Nbd7 10. O-O c6 11. Bg3 Re8 12. Ne5 Nxe5 13. Bxe5 Bd6 14. Bxd6 Qxd6
15. Ne2 Qd7 16. Nf4 Bf5 17. Re1 Bxd3 18. Qxd3 Re7 19. Rac1 Rae8 20. Rc2 Qc7 21.
g3 Ne4 22. Rec1 Qb6 23. Qe2 1/2-1/2

[Event "HET B - Gruppe   2024"]
[Site "Hamburg"]
[Date "2024.05.24"]
[Round "5.1"]
[White "Toman, Darius"]
[Black "Wereida, Moustafa"]
[Result "0-1"]
[WhiteElo "1274"]
[BlackElo "921"]
[PlyCount "94"]
[EventDate "2024.??.??"]
[WhiteTeam "FC ST.Pauli 1910 eV SAbt"]
[BlackTeam "SK Johanneum Eppendorf"]

1. e4 e5 2. Nf3 Nc6 3. Bb5 Bc5 4. O-O d6 5. h3 Bd7 6. c3 Nf6 7. Re1 a6 8. Ba4
b5 9. Bb3 O-O 10. d3 h6 11. Nbd2 Qc8 12. Nf1 Bxh3 13. gxh3 Qxh3 14. N3h2 Qh4
15. Qf3 Na5 16. Bc2 b4 17. Qg3 Qh5 18. Bd1 Qg6 19. Qxg6 fxg6 20. Be3 bxc3 21.
bxc3 Ba3 22. Rb1 Rab8 23. Bb3+ Kh7 24. Bc2 Bb2 25. c4 Nc6 26. Ng3 Bc3 27. Rxb8
Rxb8 28. Rb1 Rf8 29. Ne2 Bb4 30. Ba4 Nd4 31. Nxd4 exd4 32. Bxd4 a5 33. Bd1 Nd7
34. Bg4 Nc5 35. Bxc5 Bxc5 36. Rb2 Bd4 37. Rc2 h5 38. Bd7 g5 39. Kg2 Kh6 40. Nf1
Rf7 41. Be6 Rf6 42. Bd5 g4 43. Ng3 g6 44. Ne2 Rxf2+ 45. Kh1 Be3 46. c5 g3 47.
e5 Rh2# 0-1